[Event "SWZ-GP"]
[Site "?"]
[Date "1990.??.??"]
[Round "2"]
[White "Ekstroem, Roland"]
[Black "Wirthensohn, Heinz"]
[Result "1/2-1/2"]
[WhiteElo "2405"]
[BlackElo "2410"]

1.d4 Nf6 2.Bg5 e6 3.e4 h6 4.Bxf6 Qxf6 5.Nf3 d6 6.Nc3 g6 7.Bd3 Bg7 8.O-O e5
9.Nd5 Qd8 10.dxe5 dxe5 11.c3 O-O 12.Bc4 Nd7 13.Qe2 Nb6 14.Bb3 Nxd5 15.Bxd5 c6
16.Bb3 Bg4 17.h3 Bxf3 18.Qxf3 Qf6 19.Qe3 g5 20.Rad1 Rfd8 21.Rxd8+ Qxd8 22.Rd1 Qe7
23.Qf3 Rc8 24.Rd3 Rc7 25.Qh5 Kh7 26.Qd1 Bf6 27.Rd6 Kg7 28.a4 Rc8 29.Be6 Rd8
30.Bd7 a5 31.c4 Qf8 32.Rd3 Qc5 33.b3 Qe7 34.g3 Qc5 35.Kg2 Qe7 36.Bg4 Rxd3
37.Qxd3 b6 38.Bh5 Qd8 39.Qxd8 Bxd8 40.Bg4 c5 41.Kf3 Be7 42.Bd7 h5 43.h4 gxh4
44.gxh4  1/2-1/2

[Event "Toulouse op"]
[Site "Toulouse"]
[Date "1990.??.??"]
[Round "8"]
[White "Klaric, Zlatko"]
[Black "Kolev, Atanas"]
[Result "1/2-1/2"]
[WhiteElo "2400"]
[BlackElo "2425"]

1.d4 Nf6 2.Bg5 e6 3.Nd2 h6 4.Bxf6 Qxf6 5.Ngf3 d6 6.e4 Nd7 7.Bd3 g6 8.Qe2 Bg7
9.Nc4 Qe7 10.e5 a6 11.O-O b6 12.Rfe1 O-O 13.h4 Bb7 14.h5 g5 15.c3 dxe5 16.Ncxe5 Nf6
17.Nh2 c5 18.dxc5 Qxc5 19.Rad1 Rfd8 20.Nhg4 Nxg4 21.Nxg4 Kf8 22.Be4 Bd5 23.Bxd5 Rxd5
24.Rxd5 Qxd5 25.Rd1 Qc6 26.Ne5 Bxe5 27.Qxe5 Ke7 28.Qg7 Qa4 29.Rd4 Qxa2 30.Qe5 Rc8
31.Qd6+ Kf6 32.Qxb6 Rc4 33.Qd6 Rxd4 34.Qxd4+ Ke7 35.b4 Qe2 36.f3 f5 37.Kh2 Qe1
38.c4 g4 39.Qc5+ Kf7 40.Qc7+ Ke8 41.Qc8+ Ke7 42.Qc7+ Ke8 43.Qb8+ Kd7 44.Qg3 Qxb4
45.fxg4 fxg4 46.Qxg4 Qd6+ 47.g3 Qd2+ 48.Kh3 a5 49.c5 Kc6 50.Qxe6+ Kxc5 51.Qe4 Kb5
52.Qb7+ Kc4 53.Qc6+ Kb3 54.Qb5+ Kc2 55.Qc4+ Kb2 56.Qb5+ Kc2 57.Qc4+ Kb2 58.g4 Qe3+
59.Kg2 a4 60.Qxa4 Qe2+ 61.Kg3 Qe3+ 62.Kg2 Qe2+ 63.Kg3 Qe3+ 64.Kg2 Qe2+  1/2-1/2

[Event "AUT-chT"]
[Site "?"]
[Date "1991.??.??"]
[Round "?"]
[White "Klinger, Josef"]
[Black "Kelecevic, Nedeljko"]
[Result "1-0"]
[WhiteElo "2475"]
[BlackElo "2410"]

1.d4 Nf6 2.Bg5 e6 3.Nf3 c5 4.e3 cxd4 5.exd4 Be7 6.c3 b6 7.Nbd2 Bb7 8.Bd3 O-O
9.Qe2 d6 10.O-O Nbd7 11.a4 a6 12.Rfe1 Re8 13.h3 Nf8 14.Bf4 Ng6 15.Bh2 Nd5
16.Qd1 Bf8 17.Bf1 Nh4 18.Nxh4 Qxh4 19.Bg3 Qd8 20.Bd3 Nf6 21.Nc4 Nd5 22.Qb3 Qc7
23.Qc2 h6 24.Qe2 Red8 25.Ne3 Nxe3 26.fxe3 Qd7 27.Rf1 f5 28.e4 fxe4 29.Bxe4 Bxe4
30.Qxe4 d5 31.Qg6 Qe8 32.Qg4 h5 33.Qe2 Bd6 34.Bxd6 Rxd6 35.Qe5 Rc6 36.Rf3 Ra7
37.Raf1 Rac7 38.Rf5 b5 39.axb5 axb5 40.Rxh5 b4 41.Rf4 bxc3 42.Rfh4 Qg6 43.bxc3 Rc8
44.Rh8+ Kf7 45.Rf4+ Ke7 46.Rxc8 Rxc8 47.Rg4 Qb1+ 48.Kh2 g6 49.Rh4  1-0

[Event "Cansys IM-Nov"]
[Site "Budapest"]
[Date "1991.??.??"]
[Round "7"]
[White "Gocheva, Rumiana B"]
[Black "Meszaros, Andras"]
[Result "1-0"]
[WhiteElo "2220"]
[BlackElo "2360"]

1.d4 Nf6 2.Bg5 e6 3.e4 Be7 4.e5 Ng8 5.Bxe7 Nxe7 6.Nc3 d5 7.f4 Nd7 8.Nf3 a6
9.Ne2 c5 10.c3 Nf5 11.Qd2 h5 12.Ng3 Nxg3 13.hxg3 f5 14.Ng5 Qe7 15.Be2 g6
16.g4 fxg4 17.Bxg4 Nf8 18.Bf3 Nh7 19.Nxh7 Rxh7 20.O-O-O Bd7 21.dxc5 Qxc5
22.f5 gxf5 23.Qg5  1-0

[Event "BUL-ch"]
[Site "?"]
[Date "1991.??.??"]
[Round "2"]
[White "Slavov, Dimitar"]
[Black "Chatalbashev, Boris"]
[Result "0-1"]
[WhiteElo "2265"]
[BlackElo "2385"]

1.d4 Nf6 2.Bg5 e6 3.e4 h6 4.Bxf6 Qxf6 5.e5 Qd8 6.Nf3 d5 7.exd6 cxd6 8.Bd3 d5
9.O-O Nc6 10.Re1 Bd6 11.c4 dxc4 12.Bxc4 O-O 13.Nc3 b6 14.Qe2 Bb7 15.d5 Na5
16.dxe6 Bxf3 17.Qxf3 Nxc4 18.Rad1 fxe6 19.Qg4 Qc8 20.Nb5 Bc5 21.Re2 Rxf2
22.Rxf2 Ne3 23.Rd8+ Qxd8 24.Qxe6+ Kh8  0-1

[Event "Cetinje (Women)"]
[Site "Cetinje"]
[Date "1991.??.??"]
[Round "7"]
[White "Gocheva, Rumiana B"]
[Black "Lazic, Marina"]
[Result "1-0"]
[WhiteElo "2220"]
[BlackElo "2180"]

1.d4 Nf6 2.Bg5 e6 3.e4 h6 4.Bxf6 Qxf6 5.Nc3 d6 6.Qd2 c6 7.O-O-O Nd7 8.f4 e5
9.dxe5 dxe5 10.g3 Be7 11.Nf3 O-O 12.f5 b5 13.g4 b4 14.Ne2 Rd8 15.Ng3 Nc5
16.Qe1 Rxd1+ 17.Qxd1 Bb7 18.h4 Rd8 19.Qe1 Qd6 20.g5 Na4 21.Bc4 Nb6 22.Bb3 c5
23.f6 c4 24.Nf5 Qc5 25.Nxe7+ Kh7 26.g6+ fxg6 27.Ng5+  1-0

[Event "Eger op"]
[Site "Eger"]
[Date "1991.??.??"]
[Round "?"]
[White "Donka, Peter"]
[Black "Vass, Attila"]
[Result "0-1"]
[WhiteElo "2335"]
[BlackElo "2265"]

1.d4 Nf6 2.Bg5 e6 3.e4 c5 4.e5 h6 5.Bh4 g5 6.Bg3 Ne4 7.Nf3 cxd4 8.Qxd4 Nxg3
9.hxg3 Nc6 10.Qe4 Bg7 11.Nbd2 Qa5 12.O-O-O Nxe5 13.Nb3 Qc7 14.Nfd4 d5 15.Qe1 Bd7
16.f4 Nc4 17.Bxc4 dxc4 18.Na5 O-O-O 19.Qb4 gxf4 20.gxf4 Kb8 21.g3 Rc8 22.Nf3 Rhd8
23.Rh2 b6 24.b3 Bf8 25.Qxc4 bxa5 26.Ne5 Be8 27.Qxc7+ Kxc7 28.Rxd8 Rxd8 29.Ng4  0-1

[Event "GER CupT"]
[Site "GER"]
[Date "1991.??.??"]
[Round "?"]
[White "Schmidt, Peter"]
[Black "Bischoff, Klaus"]
[Result "0-1"]
[WhiteElo "2390"]
[BlackElo "2495"]

1.d4 Nf6 2.Bg5 e6 3.e4 h6 4.Bxf6 Qxf6 5.Qd2 e5 6.dxe5 Qxe5 7.Nc3 Bb4 8.Nge2 d6
9.f4 Qf6 10.O-O-O O-O 11.Qe3 c6 12.Qf3 Nd7 13.g4 Qh4 14.Rg1 Nf6 15.h3 Be6
16.Ng3 Rfe8 17.Nce2 Bc5 18.Nd4 Rad8 19.Qg2 d5 20.e5 Ne4 21.Ndf5 Bxf5 22.Nxf5 Qf2
23.Qxf2 Bxf2 24.Rg2 g6 25.Bd3 gxf5 26.gxf5+ Kh8  0-1

[Event "GER-ch U20"]
[Site "GER"]
[Date "1991.??.??"]
[Round "?"]
[White "Dinstuhl, Volkmar"]
[Black "Schwarz, Michael"]
[Result "1-0"]
[WhiteElo "2340"]
[BlackElo "2315"]

1.d4 Nf6 2.Bg5 e6 3.Nf3 c5 4.e3 Be7 5.Bd3 O-O 6.Nbd2 b6 7.c3 Ba6 8.Bxa6 Nxa6
9.O-O d6 10.Qe2 Nc7 11.Rad1 cxd4 12.Nxd4 Qd7 13.e4 h6 14.Bh4 Rfe8 15.Nc4 d5
16.Ne5 Qa4 17.Nec6 g5 18.Bg3 Rac8 19.e5 Ne4 20.Qh5 Nb5 21.Nxe7+ Rxe7 22.Qxh6 Nxd4
23.Rxd4 Qxa2 24.f3 Nxg3 25.hxg3 Rc4 26.Rxc4 Qxc4 27.Rd1 Qe2 28.Qxg5+ Kf8
29.Rd4 Ke8 30.Qg8+ Kd7 31.Qa8 Re8 32.Qxa7+ Kc6 33.Qa4+ b5 34.Qa6+ Kc7 35.Qd6+ Kc8
36.Rh4 Qxb2 37.Qc6+ Kd8 38.Kh2 Rf8 39.f4 Qe2 40.Qd6+ Ke8 41.f5 exf5 42.Qxd5 Ke7
43.Qd6+ Ke8 44.Qc6+ Ke7 45.Qf6+  1-0

[Event "BL2-N9091"]
[Site "Germany"]
[Date "1991.??.??"]
[Round "?"]
[White "Storm, Roland"]
[Black "Cladouras, Panagiotis"]
[Result "0-1"]
[WhiteElo "2310"]
[BlackElo "2355"]

1.d4 Nf6 2.Bg5 e6 3.e4 h6 4.Bxf6 Qxf6 5.Nf3 d6 6.Nc3 g6 7.h4 Bg7 8.Qd2 a6
9.O-O-O Nd7 10.Qe3 Qe7 11.h5 g5 12.e5 g4 13.exd6 cxd6 14.Nd2 Qg5 15.Nce4 Qxe3
16.Nxd6+ Ke7 17.Nxc8+ Raxc8 18.fxe3 Rhg8 19.Bd3 f5 20.c3 Bf6 21.Rde1 Nb6
22.e4 f4 23.Kb1 e5 24.Nb3 Rg5 25.Ref1 Nd7 26.d5 Kd6 27.Be2 Bd8 28.Nd2 Nf6
29.Kc2 Bb6 30.Kd3 Be3 31.Nb3 b6 32.Na1 b5 33.Nc2 Bb6 34.Na3 f3 35.gxf3 g3
36.f4 exf4 37.Rxf4 Nd7  0-1

[Event "BL2-W9091"]
[Site "Germany"]
[Date "1991.??.??"]
[Round "?"]
[White "Meduna, Eduard"]
[Black "Blaskowski, Johannes"]
[Result "0-1"]
[WhiteElo "2495"]
[BlackElo "2290"]

1.d4 Nf6 2.Bg5 e6 3.e4 c5 4.d5 Qa5+ 5.Bd2 Qc7 6.Nc3 a6 7.a4 Be7 8.Nf3 O-O
9.Be2 exd5 10.e5 d4 11.exf6 dxc3 12.Bxc3 Bxf6 13.Bxf6 gxf6 14.O-O Nc6 15.Nh4 Qe5
16.Bf3 d6 17.c3 Be6 18.Bxc6 bxc6 19.f4 Qd5 20.Qe2 Rab8 21.f5 Qc4 22.Qh5 Bd5
23.Qh6 Qg4 24.Qxf6 Rxb2 25.Rf2 Rxf2 26.Kxf2 Re8 27.Kg1 h5 28.Rb1 Kh7 29.Rf1 Re2
30.Rf3 Bxf3 31.Qxf7+ Qg7 32.Qg6+ Qxg6 33.fxg6+ Kg7 34.gxf3 Kf6 35.g7 Kxg7
36.Nf5+ Kf6 37.Nxd6 Ke5 38.Ne4 Rxe4  0-1

[Event "Regionalliga NordS"]
[Site "Germany"]
[Date "1991.??.??"]
[Round "?"]
[White "Naumann, Frank"]
[Black "Kottke, Uwe"]
[Result "1/2-1/2"]
[WhiteElo "2280"]
[BlackElo "2305"]

1.d4 Nf6 2.Bg5 e6 3.e4 c5 4.e5 h6 5.Bh4 g5 6.Bg3 Ne4 7.c3 Qb6 8.Qc2 cxd4
9.Nd2 Nxg3 10.hxg3 Nc6 11.f4 dxc3 12.bxc3 Qe3+ 13.Ne2 Bc5 14.O-O-O b6 15.Kb1 Ba6
16.Ne4 O-O-O 17.Nd4 Bb7 18.Nb5 d5 19.Ned6+ Bxd6 20.Nxd6+ Rxd6 21.exd6 Qxg3
22.fxg5 Qxg5 23.Bb5 a6 24.Bxc6 Bxc6 25.Qf2 Qg6+ 26.Ka1 Kb7 27.Rb1 b5 28.Qh4 Re8
29.Rb2 Qg7 30.Qb4 Qf8 31.a4 Rd8 32.Rf2 f5 33.a5 Qxd6 34.Qxd6 Rxd6 35.Rxh6 Bd7
36.Rxf5 d4 37.cxd4 Rxd4 38.Rf2 Rd1+ 39.Kb2 Rd4 40.Kb3 Kc6 41.Rc2+ Kd6 42.Rh8 e5
43.Ra8 Be6+ 44.Kb2 Bf5 45.Rxa6+ Kd5 46.Rf2 Bd3 47.Ra8 Ke4 48.a6 Ke3 49.Raf8 Ra4
50.R2f6 Kd2 51.Rd8 e4 52.Rd7 Rb4+ 53.Ka3 Kc3 54.Rxd3+ exd3 55.Rc6+ Rc4 56.Rxc4+ bxc4
57.a7 d2 58.a8=Q d1=Q 59.Qa5+ Kc2 60.Qa4+ Kd2 61.Qxc4  1/2-1/2

[Event "Guernsey op"]
[Site "Guernsey"]
[Date "1991.??.??"]
[Round "6"]
[White "Hodgson, Julian M"]
[Black "De Ruiter, Ton"]
[Result "1-0"]
[WhiteElo "2570"]
[BlackElo "2140"]

1.d4 Nf6 2.Bg5 e6 3.e4 h6 4.Bxf6 Qxf6 5.Nf3 d5 6.Nbd2 Nc6 7.c3 a6 8.Bd3 g5
9.O-O g4 10.Ne5 Nxe5 11.dxe5 Qxe5 12.Qxg4 Qg5 13.Qe2 Rg8 14.f4 Bc5+ 15.Kh1 Qg4
16.Rf3 Kf8 17.b4 Bd6 18.Raf1 f5 19.exf5 exf5 20.Nb3 Bd7 21.Qc2 Rg7 22.Nd4 Rf7
23.Rg3 Qh5 24.Rh3 Qg6 25.g4 Qxg4 26.Rxh6 Re8 27.Rh8+ Ke7 28.Re1+ Kd8 29.Rhxe8+ Bxe8
30.Bxf5 Rxf5 31.Qxf5 Qxf5 32.Nxf5 Bxf4 33.Ng7 Bd7 34.Ne6+ Bxe6 35.Rxe6 Bd2
36.h4 Kd7 37.Rf6 Bxc3 38.Rf7+ Kd6 39.h5 Be5 40.h6 Ke6 41.Rf8 Ke7 42.Rf5 Bc3
43.Rxd5 Bxb4 44.h7 Bc3 45.Rc5 Bd4 46.Rxc7+ Ke6  1-0

[Event "Helsingborg-B"]
[Site "Helsingborg"]
[Date "1991.??.??"]
[Round "?"]
[White "Nilsson, A."]
[Black "Stromberg, Peter"]
[Result "1/2-1/2"]
[WhiteElo "2200"]
[BlackElo "2200"]

1.d4 Nf6 2.Bg5 e6 3.Nf3 d5 4.e3 c5 5.Be2 Nc6 6.O-O Be7 7.c4 O-O 8.Nc3 Ne4
9.Bxe7 Qxe7 10.cxd5 Nxc3 11.bxc3 exd5 12.Nd2 Bf5 13.Bf3 Rad8 14.Re1 Rfe8
15.Qa4 Bd3 16.Qa3 c4 17.Qc1  1/2-1/2

[Event "HUN-chT"]
[Site "HUN"]
[Date "1991.??.??"]
[Round "?"]
[White "Donka, Peter"]
[Black "Anka, Emil"]
[Result "0-1"]
[WhiteElo "2335"]
[BlackElo "2355"]

1.d4 Nf6 2.Bg5 e6 3.e4 h6 4.Bxf6 Qxf6 5.e5 Qd8 6.Nf3 d6 7.Bd3 c5 8.c3 cxd4
9.cxd4 dxe5 10.dxe5 Bb4+ 11.Nc3 Bxc3+ 12.bxc3 Nd7 13.Qa4 O-O 14.Qe4 g6 15.Qe3 Kg7
16.Rb1 b6 17.O-O Nc5 18.Bc2 Bb7 19.Rb4 Rc8 20.Rg4 Bxf3 21.Qxf3 Qe7 22.Re1 Rfd8
23.Qg3 Qe8 24.Qh4 Nd7 25.Qg3 Nf8 26.Qh4 Rd2 27.Qf6+ Kg8 28.Ba4 Qd8 29.Qf4 Kg7
30.Rg3 Rxa2 31.Rd1 Qe7 32.h4 Rc5 33.Qe4 Ra5 34.Bc2 Ra1 35.Bb1 Qc5 36.Re1 R5a4
37.Qf3 Qe7 38.h5 g5 39.Rg4 Rxg4 40.Qxg4 Qc5 41.Qf3 Qe7 42.Qe4 f5 43.exf6+ Qxf6
44.Qd3 Ra5 45.Bc2 Rd5 46.Qe3 Rc5 47.Ra1 a5 48.Ra3 Qf4 49.Qe1 Re5 50.Qa1 Qd2
51.c4 Qe1+ 52.Kh2 Qxa1 53.Rxa1 Re2 54.Ba4 Rxf2 55.Rd1 e5 56.Rd5 e4 57.Re5 Rf4
58.g3 Rf2+ 59.Kg1 Ra2 60.Bc6 Kf6 61.Rb5 e3 62.Rxb6 Ke5 63.Kf1 Ne6 64.Bd5 Nd4
65.Rb1 Rf2+ 66.Kg1 Ne2+ 67.Kh1 Nxg3+ 68.Kg1 Ne2+ 69.Kh1 Nc3 70.Re1 Nxd5 71.cxd5 e2  0-1

[Event "Kecskemet GM"]
[Site "Kecskemet"]
[Date "1991.??.??"]
[Round "9"]
[White "Klaric, Zlatko"]
[Black "Hracek, Zbynek"]
[Result "1-0"]
[WhiteElo "2395"]
[BlackElo "2485"]

1.d4 Nf6 2.Bg5 e6 3.Nd2 h6 4.Bh4 d5 5.e3 Be7 6.Bd3 b6 7.f4 Bb7 8.Bxf6 Bxf6
9.Ngf3 Nc6 10.c3 Qe7 11.O-O O-O-O 12.b4 g5 13.a4 gxf4 14.exf4 Kb8 15.a5 Rhg8
16.Qa4 Qd6 17.axb6 cxb6 18.Ne5 Nxe5 19.fxe5 Qe7 20.Rxf6 Rg7 21.Ra2 Ba8 22.Nb1 Rdg8
23.Bb5 Qc7 24.Bc6 Bxc6 25.b5 Ba8 26.Rxh6 Rg4 27.Qb4 Re4 28.Rf6 Re1+ 29.Rf1 Rxf1+
30.Kxf1 f6 31.Qd6 Qxd6 32.exd6 Rd8 33.Rf2 f5 34.h3 Bb7 35.g4 fxg4 36.hxg4 Rxd6
37.Rf8+ Kc7 38.g5 e5 39.dxe5 Rg6 40.Nd2 Rxg5 41.Rf7+ Kc8 42.Nf3 Rg8 43.Nd4 Kb8
44.Kf2 Re8 45.e6 a5 46.bxa6 Bxa6 47.Ke3 Bb5 48.Nxb5 Rxe6+ 49.Kd4 Rc6 50.Rf5 Rc4+
51.Kxd5  1-0

[Event "JUG-ch"]
[Site "Kladovo"]
[Date "1991.??.??"]
[Round "2"]
[White "Drazic, Sinisa"]
[Black "Pavlovic, Milos"]
[Result "1/2-1/2"]
[WhiteElo "2375"]
[BlackElo "2480"]

1.d4 Nf6 2.Bg5 e6 3.Nf3 c5 4.e3 Be7 5.Nbd2 cxd4 6.exd4 d6 7.c3 Nbd7 8.Bd3 b6
9.Qe2 Bb7 10.O-O O-O 11.Rfe1 a6 12.Bh4 Re8 13.Ng5 Nf8 14.f4 Qc7 15.Bg3  1/2-1/2

[Event "Krumbach op"]
[Site "Krumbach"]
[Date "1991.??.??"]
[Round "8"]
[White "Naumann, Frank"]
[Black "Ehrler, Eberhard"]
[Result "1-0"]
[WhiteElo "2280"]
[BlackElo "2220"]

1.d4 Nf6 2.Bg5 e6 3.e4 h6 4.Bxf6 Qxf6 5.Nf3 g6 6.Nc3 Bg7 7.Qd2 Qe7 8.O-O-O O-O
9.h4 h5 10.Qf4 d6 11.e5 Nd7 12.Bd3 dxe5 13.dxe5 b6 14.g4 hxg4 15.Qxg4 Bb7
16.Be4 Bxe4 17.Qxe4 Rfd8 18.Qf4 Nf8 19.Rdg1 f6 20.h5 fxe5 21.Nxe5 Bxe5 22.Qxe5 Qg7
23.Qe3 Rd7 24.Ne4 Qd4 25.Qf3 Kg7 26.Nf6  1-0

[Event "Las Palmas op"]
[Site "Las Palmas"]
[Date "1991.??.??"]
[Round "1"]
[White "Garcia Padron, J."]
[Black "Eslon, Jaan"]
[Result "0-1"]
[WhiteElo "2445"]
[BlackElo "2390"]

1.d4 Nf6 2.Bg5 e6 3.Nf3 c5 4.e3 Qb6 5.Nc3 Qxb2 6.Nb5 Qb4+ 7.Nd2 Qa5 8.Bf4 Nd5
9.Nd6+ Bxd6 10.Bxd6 cxd4 11.e4 Ne3 12.fxe3 dxe3 13.Bd3 exd2+ 14.Qxd2 Qxd2+
15.Kxd2 b6 16.a4 Nc6 17.Rhf1 f6 18.h4 Bb7 19.g4 Ne5 20.g5 Nf7 21.Bf4 Ke7
22.gxf6+ gxf6 23.a5 e5 24.Be3 Nd6 25.axb6 axb6 26.Rab1 Bxe4 27.Rxb6 Bxd3
28.cxd3 Ra2+ 29.Kc3 Rc8+ 30.Kb3 Rcc2 31.Bc1 Ne8 32.d4 Rf2 33.Rg1 Rg2 34.Rd1 Raf2
35.dxe5 Rf3+ 36.Kc4 Rg4+ 37.Rd4 Rxd4+ 38.Kxd4 h5 39.exf6+ Nxf6 40.Bg5 d6
41.Rb8 Kf7 42.Rh8 Kg6 43.Rd8 Rf1 44.Bxf6 Rxf6 45.Rg8+ Kf7 46.Rg5 Rf4+ 47.Kd5 Rxh4
48.Kxd6 Kf6 49.Rd5 Rh1 50.Rd2 Kf5 51.Rf2+ Kg4 52.Ke5 Re1+ 53.Kf6 h4 54.Rg2+ Kf3
55.Rg8 h3 56.Rh8 Kg2 57.Rg8+ Kf2 58.Rh8 Re3 59.Kf5 Kg2 60.Kf4 Rf3+ 61.Ke4 Rg3
62.Kf4 h2  0-1

[Event "Melbourne Masters"]
[Site "Melbourne"]
[Date "1991.??.??"]
[Round "5"]
[White "Depasquale, Chris"]
[Black "Wohl, Aleksandar H"]
[Result "1-0"]
[WhiteElo "2280"]
[BlackElo "2275"]

1.d4 Nf6 2.Bg5 e6 3.e4 h6 4.Bxf6 Qxf6 5.Nf3 d6 6.Nc3 Nd7 7.Qd2 g5 8.O-O-O Bg7
9.Kb1 O-O 10.h4 g4 11.Nh2 h5 12.Be2 c5 13.dxc5 Nxc5 14.f3 b5 15.Qxd6 Na4
16.Nxa4 bxa4 17.e5 Qxe5 18.Qxe5 Bxe5 19.fxg4 Rb8 20.b3 axb3 21.cxb3 hxg4
22.Nxg4 Bh8 23.Bc4 Kh7 24.Rhf1 Kg6 25.g3 a5 26.Rde1 a4 27.Ne5+ Kg7 28.g4 axb3
29.axb3 Rb7 30.g5 Rc7 31.Ng4 Rd8 32.Nf6 Rc5 33.Rd1 Rxd1+ 34.Rxd1 Kg6 35.Bd3+ Kg7
36.Bc2 Ba6 37.Rd6 Bb7 38.Rd7 Ba6 39.Rd8 Rc8 40.Nh5+  1-0

[Event "Mexico City"]
[Site "Mexico"]
[Date "1991.??.??"]
[Round "2"]
[White "Floresvillar, Luis Miguel"]
[Black "Hernandez, Gilberto"]
[Result "0-1"]
[WhiteElo "2255"]
[BlackElo "2525"]

1.d4 Nf6 2.Bg5 e6 3.f4 h6 4.Bxf6 Qxf6 5.e3 g5 6.Ne2 b6 7.Nbc3 Bb7 8.Qd2 Nc6
9.O-O-O O-O-O 10.Ng3 d5 11.Nh5 Qg6 12.Be2 g4 13.Ng3 h5 14.f5 Qg5 15.fxe6 fxe6
16.Bd3 Bh6 17.Rhe1 h4 18.Nf1 Rhf8 19.Bb5 e5 20.Ne2 Rf2 21.Bxc6 Bxc6 22.dxe5 Bb5
23.e6 Rxg2 24.Qb4 Bxe2 25.e7 Rg8 26.Qa4 Bxd1 27.e8=Q+ Rxe8 28.Qxe8+ Kb7 29.Rxd1 Qf5
30.Qa4 Rf2  0-1

[Event "Russian Winter op"]
[Site "Moscow"]
[Date "1991.??.??"]
[Round "?"]
[White "Granovski, Aleksandar"]
[Black "Ilinsky, Vladimir"]
[Result "1-0"]
[WhiteElo "2340"]
[BlackElo "2360"]

1.d4 Nf6 2.Bg5 e6 3.e4 h6 4.Bxf6 Qxf6 5.Nf3 d6 6.e5 Qe7 7.Nc3 g6 8.Bd3 Bg7
9.Qe2 Nc6 10.O-O O-O 11.a3 Bd7 12.b4 a6 13.Rad1 Rad8 14.Qe3 Bc8 15.Rfe1 a5
16.b5 Nb8 17.Ne4 Nd7 18.Qf4 d5 19.Nf6+ Nxf6 20.exf6 Bxf6 21.Qxh6 Bg7 22.Qf4 Bf6
23.h4 Kg7 24.g4 Kg8 25.g5 Bg7 26.Ne5 Bxe5 27.dxe5 Rfe8 28.Re3 Kg7 29.Kg2 Rh8
30.Rh1 c5 31.bxc6 bxc6 32.Reh3 c5 33.h5 c4 34.Qf6+ Qxf6 35.exf6+ Kg8 36.hxg6 Rxh3
37.Rxh3 fxg6 38.Bxg6 e5 39.Rh7 Be6 40.f7+ Bxf7 41.Rxf7 d4 42.Rc7 d3 43.cxd3 cxd3
44.Rc1 Rd4 45.f3  1-0

[Event "Palma de Mallorca op"]
[Site "Palma de Mallorca"]
[Date "1991.??.??"]
[Round "?"]
[White "De la Villa Garcia, Jesus Maria"]
[Black "Zlotnik, Boris A"]
[Result "1-0"]
[WhiteElo "2475"]
[BlackElo "2460"]

1.d4 Nf6 2.Bg5 e6 3.e4 h6 4.Bxf6 Qxf6 5.Nf3 d6 6.Nc3 Nd7 7.Qd2 c6 8.O-O-O e5
9.h4 Be7 10.Be2 Nb6 11.Qe3 O-O 12.Kb1 Re8 13.g3 Bf8 14.d5 Bd7 15.Nh2 Rac8
16.Bg4 Qe7 17.Qe2 c5 18.Rdg1 c4 19.Bxd7 Nxd7 20.Ng4 a6 21.Ne3 b5 22.Nf5 Qd8
23.h5 Nf6 24.f3 Qd7 25.Nd1 Rc5 26.Nde3 c3 27.b3 Qd8 28.a3 Nh7 29.Qd3 Ng5
30.Ng4 Kh8 31.Rg2 Nh7 32.Qe3 Ng5 33.Ka2 Nh7 34.Nf2 Qg5 35.Nd3 Qxe3 36.Nxe3 Rcc8
37.Nb4 Ng5 38.Rf2 Be7 39.Nxa6 Bd8 40.Nb4 Bb6 41.Re1 Ra8 42.Nc6 Ra6 43.Rff1 g6
44.Nd1 Bc5 45.Nxc3 Bxa3 46.Nxb5 Bb4+ 47.Kb2 Bxe1 48.Rxe1 Nxf3 49.Rf1 Ng5
50.Nxd6 Rg8 51.Nxf7+ Nxf7 52.Rxf7 gxh5 53.Rc7 Rg5 54.d6 Ra8 55.d7 h4 56.Ne7  1-0

[Event "Salo op"]
[Site "Salo"]
[Date "1991.??.??"]
[Round "4"]
[White "Nei, Iivo"]
[Black "Kiik, Kalle"]
[Result "1/2-1/2"]
[WhiteElo "2415"]
[BlackElo "2425"]

1.d4 Nf6 2.Bg5 e6 3.e3 c5 4.c3 d5 5.Nd2 Nc6 6.f4 Be7 7.Bd3 c4 8.Bc2 b5 9.Ngf3 Ng4
10.Qe2 f5 11.O-O Bd7 12.Bxe7 Qxe7 13.Ne5 Ngxe5 14.dxe5 O-O 15.Nf3 a5 16.Qd2 Rab8
17.a3 Be8 18.Rfb1 Bh5 19.Nd4 Nxd4 20.Qxd4 Rfc8 21.h3 Qc5 22.Qxc5 Rxc5 23.Kf2 Rc7
24.Rg1 Bg6 25.Ke1 Kf7 26.Kd2 Rcb7 27.b4 cxb3 28.Bxb3 Kf8 29.Rab1 Be8 30.Bc2 Rc7
31.Bd3 Rbc8 32.Rbc1  1/2-1/2

[Event "Strasbourg op"]
[Site "Strasbourg"]
[Date "1991.??.??"]
[Round "5"]
[White "Vatter, Hans Joachim"]
[Black "Anka, Emil"]
[Result "1-0"]
[WhiteElo "2310"]
[BlackElo "2350"]

1.d4 Nf6 2.Bg5 e6 3.Nd2 h6 4.Bh4 c5 5.e3 b6 6.c3 Bb7 7.Ngf3 Be7 8.Bd3 O-O
9.O-O d6 10.Re1 Nbd7 11.a4 a6 12.Nc4 b5 13.Ncd2 Bc6 14.axb5 axb5 15.Rxa8 Qxa8
16.e4 Bd8 17.h3 d5 18.e5 Ne4 19.Bxd8 Rxd8 20.Bb1 cxd4 21.cxd4 Nb6 22.Qe2 Nc4
23.b3 Ncxd2 24.Nxd2 Nc3 25.Qd3 Nxb1 26.Rxb1 b4 27.Rc1 Be8 28.Nf1 Qa3 29.Rc7 Qa1
30.Kh2 Ra8 31.Ne3 h5 32.h4 Qe1 33.Kg3 g6 34.Nc2 Qc1 35.Qe3 Qb2 36.Nxb4 Rb8
37.Nd3 Qxb3 38.Nc5 Qb1 39.Qf4 Qd1 40.Nxe6 Rb3+ 41.Kh2  1-0

[Event "Waldshut BM"]
[Site "Waldshut"]
[Date "1991.??.??"]
[Round "3"]
[White "Gerstner, Wolfgang"]
[Black "Herbrechtsmeier, Christof"]
[Result "1-0"]
[WhiteElo "2385"]
[BlackElo "2290"]

1.d4 Nf6 2.Bg5 e6 3.e4 d5 4.Nd2 Be7 5.exd5 exd5 6.Bd3 Nc6 7.c3 Be6 8.h3 Qd7
9.Qf3 O-O-O 10.Nb3 Ne4 11.Bxe7 Nxe7 12.Ne2 g5 13.Nc5 Nxc5 14.dxc5 Bf5 15.Nd4 Bxd3
16.Qxd3 Nc6 17.O-O-O Nxd4 18.cxd4 Rde8 19.Rhe1 Re6 20.Rxe6 Qxe6 21.Qd2 g4
22.Re1 Qd7 23.hxg4 Qxg4 24.g3 h5 25.Re7 h4 26.Qe3 Rd8 27.Qe5 Rd7 28.Qh8+ Rd8
29.Re8 Qg5+ 30.f4 Rxe8 31.Qxe8+ Qd8 32.Qxf7 hxg3 33.Qe6+ Kb8 34.Qg4 b6 35.Qxg3 Qe8
36.Qf3 bxc5 37.dxc5 Qb5 38.Qxd5 Qf1+ 39.Kc2 Qxf4 40.c6 Qf2+ 41.Kb3 Qg3+ 42.Ka4 Qg4+
43.Ka5 Qc8 44.Qb5+ Ka8 45.b4 Qb8 46.Qxb8+ Kxb8 47.Ka6 Ka8 48.b5 Kb8 49.a4 Ka8
50.a5 Kb8 51.b6 Ka8 52.b7+ Kb8 53.Kb5 a6+ 54.Kc5  1-0

[Event "Werfen op"]
[Site "Werfen"]
[Date "1991.??.??"]
[Round "5"]
[White "Klinger, Josef"]
[Black "Zupe, Miran"]
[Result "0-1"]
[WhiteElo "2510"]
[BlackElo "2315"]

1.d4 Nf6 2.Bg5 e6 3.Nf3 c5 4.e3 h6 5.Bh4 b6 6.Bd3 Bb7 7.O-O Be7 8.c4 O-O
9.Nc3 cxd4 10.exd4 d5 11.Re1 dxc4 12.Bxc4 Nc6 13.a3 Rc8 14.Ba2 Nd5 15.Nxd5 Bxh4
16.Nf4 Bg5 17.Nxe6 fxe6 18.Bxe6+ Kh8 19.d5 Rc7 20.dxc6 Bxc6 21.Qxd8 Bxd8
22.Ne5 Be8 23.Rac1 g5 24.g3 Kg7 25.Ng4 Bg6 26.Rxc7+ Bxc7 27.Ne3 Be5 28.Nf5+ Kf6
29.Nxh6 Bxb2 30.Ng4+ Kg7 31.Rd1 Re8 32.Rd7+ Kf8 33.Bd5 Re7 34.Rd8+ Re8 35.Rd6 Re1+
36.Kg2 Bh5 37.Ne3 Bxa3 38.Rh6 Bd1 39.Nf5 Ke8 40.Rh8+ Kd7 41.Rh7+ Be7 42.Rg7 g4
43.h3 gxh3+ 44.Kxh3 a5 45.g4 a4 46.f3 Re5 47.f4 Rxd5 48.Rxe7+ Kd8 49.Re3 Bc2
50.Ne7 Rd6 51.g5 a3 52.g6 Rd3 53.Nc6+ Kc7 54.Rxd3 Bxd3 55.g7 Bc4 56.Nb4 a2
57.Nc2 b5  0-1

[Event "Werfen"]
[Site "Werfen"]
[Date "1991.??.??"]
[Round "9"]
[White "Schmidt, Peter"]
[Black "Herndl, Harald"]
[Result "1-0"]
[WhiteElo "2405"]
[BlackElo "2275"]

1.d4 Nf6 2.Bg5 e6 3.e4 h6 4.Bxf6 Qxf6 5.Nf3 d6 6.Nc3 Qd8 7.Qd2 Be7 8.O-O-O a6
9.h4 b5 10.g4 Bb7 11.Bd3 Nd7 12.Qf4 c5 13.dxc5 Nxc5 14.g5 b4 15.Ne2 Qa5 16.Kb1 Nxd3
17.cxd3 e5 18.Qe3 Bd8 19.Nd2 Qc5 20.Qg3 hxg5 21.hxg5 Rxh1 22.Rxh1 Be7 23.g6 f6
24.Qh3 Bc8 25.Qh8+ Bf8 26.Qg8 Qc7 27.Nc4 Qe7 28.Nxd6+ Qxd6 29.Qf7+ Kd8 30.Rh8 Qxd3+
31.Kc1 Qd7 32.Rxf8+ Kc7 33.Re8 Kd6 34.Qd5+ Kc7 35.Qf7 Kd6 36.Ng3 Qc6+ 37.Kd2 Kc5
38.Qe7+ Kb5 39.Rd8 Ka4 40.Rd6 Qb7 41.Qe8+ Qb5 42.Qxb5+ axb5 43.Rd8 Bb7 44.Rd7 Bc8
45.Rxg7 Be6 46.b3+ Ka3 47.Re7 Bg8 48.Nh5 Kxa2 49.Nxf6 Kxb3 50.Rxe5 Ka2 51.Rxb5 b3
52.Nxg8 Rxg8 53.Rb6 b2 54.f4 b1=Q 55.Rxb1 Kxb1 56.f5 Kb2 57.e5 Rd8+ 58.Ke3 Kc3
59.f6  1-0

[Event "Biel op"]
[Site "Biel"]
[Date "1992.??.??"]
[Round "6"]
[White "Pomes Marcet, Juan"]
[Black "Bischoff, Klaus"]
[Result "1/2-1/2"]
[WhiteElo "2400"]
[BlackElo "2510"]

1.d4 Nf6 2.Bg5 e6 3.e4 h6 4.Bxf6 Qxf6 5.Nf3 d6 6.Nc3 Nd7 7.Qd2 a6 8.a4 b6
9.Bc4 Bb7 10.O-O Qd8 11.Rfe1 g6 12.Qf4 Bg7 13.e5 dxe5 14.Nxe5 Bxe5 15.dxe5 Qg5
16.Qg3 Ke7 17.Rad1 Rad8 18.f4 Qxg3 19.hxg3 h5 20.Bf1 Nb8 21.Rxd8 Rxd8 22.Rd1 Rxd1
23.Nxd1 Be4 24.Ne3 a5 25.Be2 Nd7 26.Bf3 Nc5 27.b3  1/2-1/2

[Event "Biel op"]
[Site "Biel"]
[Date "1992.??.??"]
[Round "10"]
[White "Pomes Marcet, Juan"]
[Black "Wahls, Matthias"]
[Result "1-0"]
[WhiteElo "2400"]
[BlackElo "2540"]

1.d4 Nf6 2.Bg5 e6 3.e4 h6 4.Bxf6 Qxf6 5.Nf3 d6 6.Nc3 g6 7.Qd2 Bg7 8.Bc4 a6
9.a4 Nc6 10.Rd1 O-O 11.O-O Rd8 12.Qe3 Bd7 13.Rfe1 Nb4 14.Bb3 Qe7 15.e5 d5
16.h4 Nc6 17.h5 Be8 18.g3 Na5 19.Kg2 Rac8 20.Ne2 g5 21.Nh2 f5 22.exf6 Qxf6
23.g4 c5 24.f4 Nc4 25.Bxc4 dxc4 26.dxc5 gxf4 27.Nxf4 Qxb2 28.Rd6 Qxc2+ 29.Re2 Qxa4
30.Qxe6+ Bf7 31.Qf5 Re8 32.Ne6 c3 33.g5 Qc4 34.Re4 Qa2+ 35.Kh3 Rxe6 36.Rdxe6 Bxe6
37.Rxe6 c2 38.Rg6 Qa3+ 39.Nf3 Rf8 40.Qe6+ Rf7 41.Qe8+ Rf8 42.Rxg7+ Kxg7 43.gxh6+ Kf6
44.Qxf8+ Ke6 45.Qd6+ Kf7 46.Qd5+ Ke7 47.Qe4+ Kf7 48.Qxb7+ Ke6 49.Qe4+ Kd7
50.Qd5+ Ke7 51.Qd6+ Ke8 52.Qe6+ Kd8 53.Qf6+ Kd7 54.h7  1-0